Focus sur: Bilius "Weasley" - Harry Potter - Statistiques

Statistiques générales
  • Ce quiz a été pris 88 fois
  • Le résultat moyen est 4 sur 7
Statistiques - réponses
Informations recherchées Réponses % Correct
Couleur des cheveux Roux
92%
Statut du sang Sang-Pur
83%
Frère Arthur Weasley
76%
Première mention Harry Potter et le prisonnier d'Azkaban
67%
Père Septimus Weasley
20%
Mère Cendrella Weasley
16%
Surnom Oncle Bilius
14%
Aucun quiz correspondant
Distribution des résultats
% des personnes avec chaque résultat
Percentile par nombre de réponses
Votre historique - résultats
Vous n’avez pas pris ce quiz